000 00233nam a2200097Ia 4500
008 230206s9999 xx 000 0 und d
041 _aeng
100 _aPande B, Ed.
_9119242
245 _aPersonnel Today
260 _c2010
_bNIPM
_aKolkata
999 _c97694
_d97694